书目信息 |
| 题名: |
循环应力与循环应变的基本原理
|
|
| 作者: | 桑多尔 著 ;俞炯亮 译 | |
| 分册: | ||
| 出版信息: | 北京 科学出版社 1985 |
|
| 页数: | 166页 | |
| 开本: | 19cm | |
| 丛书名: | ||
| 单 册: | ||
| 中图分类: | O346.2 | |
| 科图分类: | ||
| 主题词: | 应变 , 固体力学 , 应力 | |
| 电子资源: | ||
| ISBN: | ||
| 000 | 00909nam0 2200289 45 | |
| 001 | 0185009935 | |
| 005 | 20060424104422.51 | |
| 010 | @dCNY1.30 | |
| 091 | @a13031.2871 | |
| 100 | @a19900816d1985 em y0chiy0121 ea | |
| 101 | 1 | @achi@ceng |
| 102 | @aCN@b110000 | |
| 105 | @ay z 000yy | |
| 200 | 10 | @a循环应力与循环应变的基本原理@Axun huan ying li yu xun huan ying bian de ji ben yuan li@f(美)B·I·桑多尔著@F(mei)B·I·sang duo er zhu@g俞炯亮译 |
| 210 | @a北京@c科学出版社@d1985 | |
| 215 | @a166页@d19cm | |
| 300 | @a根据The university of Wisconsin Press, 1972年版译出 | |
| 300 | @a书名原文: Fundamentals of cyclic stress and strain. | |
| 606 | @a应变 | |
| 606 | 0 | @a固体力学 |
| 606 | @a应力 | |
| 690 | @aO346.2 | |
| 701 | 1 | @a桑多尔@Asang duo er@bB.I.@4著 |
| 702 | 0 | @a俞炯亮@Ayu jiong liang@4译 |
| 801 | 2 | @aCN@bNLC@c20060424 |
| 801 | 0 | @aCN@b深圳图书馆@c20040518 |
| 905 | @dO346.2@e5 | |
| 循环应力与循环应变的基本原理/(美)B·I·桑多尔著/俞炯亮译.-北京:科学出版社,1985 |
| 166页;19cm |
| 根据The university of Wisconsin Press, 1972年版译出.-书名原文: Fundamentals of cyclic stress and strain. |
| ISBN :CNY1.30 |
| ● |
| 相关链接 |
|
|
|
|
正题名:循环应力与循环应变的基本原理
索取号:O346.2/5
 
预约/预借
| 序号 | 登录号 | 条形码 | 馆藏地/架位号 | 状态 | 备注 |
| 1 | 0130636 | 202275563 | 密集书库/ [索取号:O346.2/5] | 在馆 | |
| 2 | 0130637 | 202275634 | 密集书库/ [索取号:O346.2/5] | 在馆 | |
| 3 | 0130638 | 000385540 | 第二样本阅览室/ [索取号:O346.2/5] | 在馆 | |
| 4 | 0133544 | 000385684 | 第三借阅区/ [索取号:O346.2/5] | 在馆 | |
| 5 | 0133545 | 202275849 | 密集书库/ [索取号:O346.2/5] | 在馆 | |
| 6 | 0133546 | 000385675 | 第三借阅区/ [索取号:O346.2/5] | 在馆 | |
| 7 | 0133547 | 202275858 | 密集书库/ [索取号:O346.2/5] | 在馆 | |
| 8 | 0133548 | 000385693 | 第三借阅区/ [索取号:O346.2/5] | 在馆 |